000 01064nam a2200301 i 4500
001 bg
100 1 _aBOGDANOWICZ, Piotr
245 1 0 _aCzłowiek i przestrzeń :
_bkultura, przestrzeń, sztuka /
_cPiotr Bogdanowicz.
250 _aWyd. 5.
260 _aWarszawa :
_bWydawnictwa Szkolne i Pedagogiczne,
_c1998.
300 _a255, [1] s. :
_bil. (w tym kolor.), fot., mapy, pl., portr., rys. ;
_c24 cm.
504 _aBibliogr. s. 251.
521 _aKsiążka pomocnicza dla uczniów liceum ogólnokształcącego.
650 9 _aArchitektura
_xhistoria
650 9 _aKrajobraz
_xestetyka
650 9 _aPrzestrzeń
_xsocjologia
650 9 _aSztuka
_xhistoria
650 9 _aUrbanistyka
_xhistoria
655 _aMateriały pomocnicze dla szkół
020 _a8302035866
040 _cBPK
041 0 _apol
080 _a711/712+72.01+7.03(091):316](075.3)
920 _a83-02-03586-6
942 _cKS
008 s pl f |000 0 pol
999 _c45854
_d45854
856 _uhttp://koha.tu.koszalin.pl/cgi-bin/koha/opac-detail.pl?biblionumber=45854
_yKatalog online BPK